00543nam a2200193 a 4500001001300000003000900013005001700022008004100039020002300080082001300103100002200116245008100138260002700219300000800246500003500254505001500289650002300304700002200327nice12345678IN_TiNIC20260116015104.0050524s1997 laga grp 000 0 eng  a9783366 c10000a968bBUL aBulbulia, Firdoze aCouncil of the Eldersb a Tribute to the Veterans of the South African Liber aLagosbMinaj Pubc1997 a00p aincludes index and biblioraphy2 aXerox Copy aSouth Asia-History1 aBulbulia, Firdoze